Tarot Major Arcana Quiz Stats

 Plays Quiz Updated Feb 20, 2020

Support Sporcle.
Go Orange.
Score 0/22 Timer 06:00
0 Plays Today
Card Number Card Name % Correct
XIIIDeath
88.9%
0The Fool
84%
XVIIIThe Moon
74.1%
XIXThe Sun
73.9%
VIThe Lovers
70.3%
XVIThe Tower
68.9%
XVIIThe Star
67.1%
IVThe Emperor
66.9%
IThe Magician
66.4%
IIIThe Empress
66.3%
IIThe High Priestess
62.6%
Card Number Card Name % Correct
XVThe Devil
62.5%
XXIThe World
62.1%
XIIThe Hanged Man
62%
VThe Hierophant
58.1%
XWheel of Fortune
55.9%
VIIThe Chariot
55.9%
IXThe Hermit
53.9%
XIJustice
52%
VIIIStrength
50.8%
XXJudgement
49.4%
XIVTemperance
48.7%

From the Vault

Band by Greatest Hits Album

by Octoman

Music 6m
I am not sure which is more surprising, some of these greatest hits album names or the fact that some of these bands have a greatest hits at all.
Remove Ads.
Support Sporcle.
Get the best of Sporcle when you Go Orange. This ad-free experience offers more features, more stats, and more fun while also helping to support Sporcle. Thank you for becoming a member.

Show Comments

Extras

Top Quizzes Today


Score Distribution

Your Account Isn't Verified!

In order to create a playlist on Sporcle, you need to verify the email address you used during registration. Go to your Sporcle Settings to finish the process.

Report this User

Report this user for behavior that violates our Community Guidelines.

Details: